Khazanah mutiara perkahwinan : panduan kebahagian suami isteri menurut Islam

Bibliographic Details
Other Authors: Abu Hafidz, Syed Azizi Maulana
Format: Book
Published: Kuala Lumpur : Khazanah Wawasan Publishing , 1997
Subjects:

MARC

LEADER 00000cam a2200000 7i4500
001 0000062559
005 20030211.0
090 0 0 |a 297.577   |b KHA 
245 0 0 |a Khazanah mutiara perkahwinan :   |b panduan kebahagian suami isteri menurut Islam   |c susunan Dr. Abu Hafidz dan Syed Azizi Maulana 
260 |a Kuala Lumpur :   |b Khazanah Wawasan Publishing ,   |c 1997 
300 |a 259p. ;   |c 22cm. 
650 0 0 |a Marriage   |x Religious aspects   |x Islam 
700 0 |a Abu Hafidz   |f Dr. 
700 0 |a Syed Azizi Maulana 
999 |a 00131135   |b BUKU   |c PINJAMAN   |e PERPUSTAKAAN KOMUNITI PETALING JAYA 
999 |a 00131136   |b BUKU   |c PINJAMAN   |e PERPUSTAKAAN KOMUNITI PETALING JAYA